| 000 | 00617nam a2200205Ia 4500 | ||
|---|---|---|---|
| 003 | GCL | ||
| 008 | 140319s9999 xx 000 0 ara d | ||
| 040 |
_aGCL / _cGCL |
||
| 082 | 0 | 4 |
_aط _b796.4 _bع ر |
| 100 | 1 | _aعصام احمد حسن | |
| 245 | 1 | 0 |
_aالرياضى الصغير تمرينات رياضية للاطفال / _cعصام احمد حسن |
| 700 | 1 | _aمسعود غرابة | |
| 700 | 1 | _aيحيى عبده | |
| 260 |
_a[S.N] : _bسفير |
||
| 300 | _a16 ص | ||
| 490 |
_aالمؤمن القوى _v0 |
||
| 650 | 0 | 4 | _aالاطفال |
| 650 | 0 | 4 | _aالالعاب الرياضية |
| 942 |
_2ddc _cBK |
||
| 999 |
_c57157 _d57157 |
||